00914nam a2200217 a 450000100100000000500170001000800410002702000150006804000250008308200150010824501810012326000500030430000350035450000580038950000730044750000390052071000640055970000220062370000200064570000310066500004205820201002035920.0131112s2000 sp ac 000 0 spa d a8400078993 aDO-SdBNPbspacBNPHU axxxxbxxxx00aL'urbanisme dans 1' Occident musulman au Moyen Äge : aspects juridiques :bactes recueillis et préparés par Patrice Cressier, Maribel Fierro et Jean-Pierre van Stäevel. aMadrid :bCasa de Velázquez,bCSIC.,c2000. a292 p. :bil., mapas ;c24 cm. aTít. del lomo: L'urbanisme dans l'Occident musulman aIncluye referencias bibliográficas y notas al pie de las páginas aTextos en francés y en español22aConsejo superior de investigaciones científicas(España)12aCressier, Patrice12aFierro, Maribel12aStaëvel, Jean-Pierre van